000
00249nam a22001097a 4500
008
170112b xxu||||| |||| 00| 0 eng d
020
_a
9781582550060
041
_a
eng
080
_a
618.2
245
_a
NURSE PRACTITIONER'S
_c
BUKEY, D
942
_2
udc
_c
BK
999
_c
2838
_d
2838